000 00636nam a22002297a 4500
003 UA-OsUOA
001 127659
007 ta
008 20171211b un ||||| |||| 00| 0 ukr d
100 _aЩегельський П.
090 _a821.161.2
_bЩ32
942 _cBK
040 _aUA-OsUOA
_bukr
_cUA-OsUOA
_dUA-OsUOA
245 _aПонад річкою неглибокою
_bпоезії різних років
300 _a180 с.
955 _a3
041 _aukr
080 _a821.161.2
260 _aК.
_bЩек
_c2006
650 7 _a82 Література. Літературознавство
_2UDC
999 _c414647
_d414647